[Event "C.to Mondiale U18 femminile"]
[Site "Kallithea GRE"]
[Date "2003.10.28"]
[Round "6"]
[White "Hamrakulova, Yulduz"]
[Black "Ambrosi, Eleonora"]
[Result "1/2-1/2"]
[WhiteElo "2121"]
[BlackElo "2108"]
[PlyCount "45"]
[EventDate "2003.10.23"]

1. d4 e6 2. c4 f5 3. Nf3 d5 4. cxd5 exd5 5. Nc3 Nf6 6. g3 c6 7. Bg2 Bd6 8. e3
Nbd7 9. O-O O-O 10. Qc2 Ne4 11. Rb1 Qe7 12. a3 Nb6 13. Ne1 Be6 14. Nd3 Bf7 15.
b4 Nc4 16. Re1 Ng5 17. Qd1 Rae8 18. Rf1 Qf6 19. Nc5 Qe7 20. Nd3 Qf6 21. Nc5 Qe7
22. Nd3 Qf6 23. Nc5 1/2-1/2

[Event "C.to Mondiale U18 femminile"]
[Site "Kallithea GRE"]
[Date "2003.11.01"]
[Round "10"]
[White "Ambrosi, Eleonora"]
[Black "Gerasimovitch, Olga"]
[Result "1/2-1/2"]
[WhiteElo "2108"]
[BlackElo "2264"]
[PlyCount "101"]
[EventDate "2003.10.23"]

1. e4 d5 2. exd5 Qxd5 3. Nc3 Qa5 4. d4 Nf6 5. Bc4 c6 6. Nge2 Bf5 7. Bd2 Nbd7 8.
Ne4 Qb6 9. N4g3 Bg6 10. Bb3 e6 11. O-O Bd6 12. Bf4 Bxf4 13. Nxf4 O-O 14. Nxg6
hxg6 15. Qd2 a5 16. c3 a4 17. Bc4 Rfd8 18. Qc2 Qc7 19. Ne4 Ng4 20. g3 Nb6 21.
Be2 Nh6 22. Rad1 Nf5 23. Rfe1 Nd7 24. Bf3 Qa5 25. Bh1 Qc7 26. Qe2 Nd6 27. Nxd6
Qxd6 28. Qc2 Nb6 29. Qe2 Rd7 30. Rd2 Rad8 31. Red1 Qb8 32. Bg2 Qa7 33. Be4 Qa5
34. h4 Qh5 35. Bf3 Qf5 36. Be4 Qf6 37. Kg2 Rd6 38. Rd3 Qe7 39. R3d2 Nd5 40. a3
Nf6 41. Bf3 Qd7 42. Qc4 b5 43. Qc5 Qc7 44. Qg5 R6d7 45. h5 Nxh5 46. Rh1 Nf6 47.
Qh4 Kf8 48. Qh8+ Ng8 49. Rdd1 f6 50. Qh7 c5 51. Qxg6 1/2-1/2

[Event "C.to Mondiale U18 femminile"]
[Site "Kallithea GRE"]
[Date "2003.11.02"]
[Round "11"]
[White "Ciobanu, Camelia-Adriana"]
[Black "Ambrosi, Eleonora"]
[Result "1/2-1/2"]
[WhiteElo "2230"]
[BlackElo "2108"]
[PlyCount "67"]
[EventDate "2003.10.23"]

1. e4 e5 2. Nf3 Nf6 3. d3 Nc6 4. g3 d5 5. exd5 Nxd5 6. Bg2 Bg4 7. h3 Bh5 8. O-O
Bd6 9. c3 O-O 10. Nbd2 Nb6 11. Re1 f5 12. b4 Qf6 13. Qc2 Rae8 14. Bb2 Nd7 15.
a3 Qh6 16. Qb3+ Kh8 17. c4 Bxf3 18. Nxf3 e4 19. dxe4 fxe4 20. Nd4 Qf6 21. Qe3
Nce5 22. Nb5 Nf3+ 23. Bxf3 Qxb2 24. Nxd6 cxd6 25. Rad1 Ne5 26. Be2 Nf7 27. Qxa7
Ng5 28. Kg2 e3 29. f4 Ne4 30. Qd4 Qxa3 31. b5 Nd2 32. Ra1 Qb4 33. Qd5 Re7 34.
Rh1 1/2-1/2